[Event "IECC M-5345"]
[Site "IECC email"]
[Date "2005.10.12"]
[Round "?"]
[White "Baron, Ovidiu"]
[Black "De Mari, Daniel"]
[Result "1-0"]
[WhiteElo "1775"]
[BlackElo "1686"]
[PlyCount "51"]
[EventDate "2005.??.??"]
[EventType "tourn (corr)"]
[EventRounds "10"]
[SourceTitle "Corr 2008"]
[Source "ChessBase"]
[SourceDate "2008.06.24"]
[SourceVersion "1"]
[SourceVersionDate "2008.06.24"]
[SourceQuality "1"]

1. d4 Nf6 2. c4 e6 3. Nc3 Bb4 4. Qc2 d5 5. e3 0-0 6. a3 Bxc3+ 7. bxc3 c5 8. Nf3 Nbd7 9. Bb2 Ne4 10. Bd3 f5 11. 0-0 b6 12. cxd5 exd5 13. c4 Bb7 14. Rfd1 Qe7 15. Be2 Rfd8 16. a4 Rac8 17. a5 b5 18. cxb5 cxd4 19. Qd3 dxe3 20. Qxe3 Ndc5 21. Nd4 Qg5 22. Qxg5 Nxg5 23. Nxf5 Rc7 24. Rac1 Nge6 25. Bg4 g6 26. Nd4 1-0